Enhancing Brand Awareness on LinkedIn Through Strategic Content for AceCoder IT (Record no. 365806)
[ view plain ]
| 000 -LEADER | |
|---|---|
| fixed length control field | 00447nam a22001457a 4500 |
| 005 - DATE AND TIME OF LATEST TRANSACTION | |
| control field | 20250327162658.0 |
| 008 - FIXED-LENGTH DATA ELEMENTS--GENERAL INFORMATION | |
| fixed length control field | 250327b |||||||| |||| 00| 0 eng d |
| 041 ## - LANGUAGE CODE | |
| Language code of text/sound track or separate title | ENG |
| 082 ## - DEWEY DECIMAL CLASSIFICATION NUMBER | |
| Classification number | SON |
| 100 ## - MAIN ENTRY--PERSONAL NAME | |
| Author | Sonawane Yashswini- 2K231057 & Dr. Ashok Pawar - Guide |
| 245 ## - TITLE STATEMENT | |
| Title | Enhancing Brand Awareness on LinkedIn Through Strategic Content for AceCoder IT |
| 260 ## - PUBLICATION, DISTRIBUTION, ETC. | |
| Place of publication, distribution, etc. | Pune |
| Name of publisher, distributor, etc. | SPPU |
| Date of publication, distribution, etc. | December 2024 |
| 300 ## - PHYSICAL DESCRIPTION | |
| Extent | 57 |
| 942 ## - ADDED ENTRY ELEMENTS (KOHA) | |
| Koha item type | Project Reports |
| Withdrawn status | Lost status | Source of classification or shelving scheme | Damaged status | Not for loan | Home library | Current library | Date acquired | Vendor | Total Checkouts | Full call number | Barcode | Date last seen | Bill Date | Koha item type | Original Barcode |
|---|---|---|---|---|---|---|---|---|---|---|---|---|---|---|---|
| Dewey Decimal Classification | Available | Smt. Hiraben Nanavati Institute of Management & Research for Women | Smt. Hiraben Nanavati Institute of Management & Research for Women | 27/03/2025 | HNIMR | SON | HIMR-PR-846 | 27/03/2025 | 27/03/2025 | Project Reports | PR0846 |